Jacques Ellul et Patrick Chastenet, À contre-courant, Entretiens. La Table ronde, « La petite vermillon », n° 392, 2023, 272 pages, 8,90 €. (notice n° 1618392)
[ vue normale ]
| 000 -LEADER | |
|---|---|
| fixed length control field | 01045cam a2200157 4500500 |
| 005 - DATE AND TIME OF LATEST TRANSACTION | |
| control field | 20260111085627.0 |
| 041 ## - LANGUAGE CODE | |
| Language code of text/sound track or separate title | fre |
| 042 ## - AUTHENTICATION CODE | |
| Authentication code | dc |
| 100 10 - MAIN ENTRY--PERSONAL NAME | |
| Personal name | Koller, Sylvie |
| Relator term | author |
| 245 00 - TITLE STATEMENT | |
| Title | Jacques Ellul et Patrick Chastenet, À contre-courant, Entretiens. La Table ronde, « La petite vermillon », n° 392, 2023, 272 pages, 8,90 €. |
| 260 ## - PUBLICATION, DISTRIBUTION, ETC. | |
| Date of publication, distribution, etc. | 2024.<br/> |
| 500 ## - GENERAL NOTE | |
| General note | 44 |
| 520 ## - SUMMARY, ETC. | |
| Summary, etc. | En situation d’oppression, l’humour est un art sociologique intuitif qui joue sur la corde raide. En détendant l’atmosphère, en affichant un air tranquille, celui qui lance un mot d’esprit ou une répartie amusante dissout la gravité du moment pour lui ou son groupe et rappelle que rien n’est perdu. Pendant la Deuxième Guerre mondiale, l’humoriste Pierre Dac (1893-1975) devient une figure de la Résistance, grâce à ses interventions sur Radio Londres. |
| 786 0# - DATA SOURCE ENTRY | |
| Note | Études | Avril | 4 | 2024-03-28 | p. 117y-144y | 0014-1941 |
| 856 41 - ELECTRONIC LOCATION AND ACCESS | |
| Uniform Resource Identifier | <a href="https://shs.cairn.info/revue-etudes-2024-4-page-117y?lang=fr&redirect-ssocas=7080">https://shs.cairn.info/revue-etudes-2024-4-page-117y?lang=fr&redirect-ssocas=7080</a> |
Pas d'exemplaire disponible.




Réseaux sociaux